<?xml version="1.0" encoding="UTF-8"?>
<collection xmlns="http://www.loc.gov/MARC21/slim">
 <record>
  <leader>01375nam a22004337a 4500</leader>
  <controlfield tag="001">000019698</controlfield>
  <controlfield tag="003">CZ-PrVSE</controlfield>
  <controlfield tag="005">19981214000000.0</controlfield>
  <controlfield tag="008">981214s1997    xxu           ||||| eng |</controlfield>
  <datafield tag="020" ind1=" " ind2=" ">
   <subfield code="a">0-13-751223-6</subfield>
   <subfield code="q">(váz.)</subfield>
  </datafield>
  <datafield tag="040" ind1=" " ind2=" ">
   <subfield code="a">ABA006</subfield>
   <subfield code="b">cze</subfield>
   <subfield code="c">ABA006</subfield>
   <subfield code="d">ABA006</subfield>
  </datafield>
  <datafield tag="041" ind1="0" ind2=" ">
   <subfield code="a">eng</subfield>
  </datafield>
  <datafield tag="044" ind1=" " ind2=" ">
   <subfield code="a">xxu</subfield>
  </datafield>
  <datafield tag="080" ind1=" " ind2=" ">
   <subfield code="a">336.71</subfield>
  </datafield>
  <datafield tag="080" ind1=" " ind2=" ">
   <subfield code="a">336.72</subfield>
  </datafield>
  <datafield tag="080" ind1=" " ind2=" ">
   <subfield code="a">338.242</subfield>
  </datafield>
  <datafield tag="080" ind1=" " ind2=" ">
   <subfield code="a">336.7</subfield>
  </datafield>
  <datafield tag="099" ind1=" " ind2="9">
   <subfield code="a">336.7HOR</subfield>
  </datafield>
  <datafield tag="100" ind1="1" ind2=" ">
   <subfield code="a">Van Horne, James C.</subfield>
   <subfield code="4">aut</subfield>
  </datafield>
  <datafield tag="245" ind1="1" ind2="0">
   <subfield code="a">Financial management and policy /</subfield>
   <subfield code="c">James C. Van Horne</subfield>
  </datafield>
  <datafield tag="250" ind1=" " ind2=" ">
   <subfield code="a">11th ed.</subfield>
  </datafield>
  <datafield tag="260" ind1=" " ind2=" ">
   <subfield code="a">Upper Saddle River :</subfield>
   <subfield code="b">Prentice-Hall,</subfield>
   <subfield code="c">1997</subfield>
  </datafield>
  <datafield tag="300" ind1=" " ind2=" ">
   <subfield code="a">xix, 780 s. :</subfield>
   <subfield code="b">obr., tab.</subfield>
  </datafield>
  <datafield tag="500" ind1=" " ind2=" ">
   <subfield code="a">Lit.</subfield>
  </datafield>
  <datafield tag="500" ind1=" " ind2=" ">
   <subfield code="a">Rejstř.</subfield>
  </datafield>
  <datafield tag="650" ind1="0" ind2="7">
   <subfield code="a">finanční analýza</subfield>
   <subfield code="7">ph120235</subfield>
   <subfield code="2">czenas</subfield>
  </datafield>
  <datafield tag="650" ind1="0" ind2="7">
   <subfield code="a">finanční management</subfield>
   <subfield code="7">ph114551</subfield>
   <subfield code="2">czenas</subfield>
  </datafield>
  <datafield tag="650" ind1="0" ind2="7">
   <subfield code="a">finanční plánování</subfield>
   <subfield code="7">ph182344</subfield>
   <subfield code="2">czenas</subfield>
  </datafield>
  <datafield tag="650" ind1="0" ind2="7">
   <subfield code="a">finanční politika</subfield>
   <subfield code="7">ph134663</subfield>
   <subfield code="2">czenas</subfield>
  </datafield>
  <datafield tag="655" ind1=" " ind2="7">
   <subfield code="a">učebnice</subfield>
   <subfield code="7">fd133770</subfield>
   <subfield code="2">czenas</subfield>
  </datafield>
  <datafield tag="650" ind1="0" ind2="9">
   <subfield code="a">financial analysis</subfield>
   <subfield code="2">eczenas</subfield>
  </datafield>
  <datafield tag="650" ind1="0" ind2="9">
   <subfield code="a">financial management</subfield>
   <subfield code="2">eczenas</subfield>
  </datafield>
  <datafield tag="650" ind1="0" ind2="9">
   <subfield code="a">financial planning</subfield>
   <subfield code="2">eczenas</subfield>
  </datafield>
  <datafield tag="650" ind1="0" ind2="9">
   <subfield code="a">financial policy</subfield>
   <subfield code="2">eczenas</subfield>
  </datafield>
  <datafield tag="655" ind1=" " ind2="9">
   <subfield code="a">textbooks</subfield>
   <subfield code="2">eczenas</subfield>
  </datafield>
  <datafield tag="993" ind1=" " ind2=" ">
   <subfield code="x">NEPOSILAT</subfield>
   <subfield code="y">BEZJEDNOTEK</subfield>
  </datafield>
  <datafield tag="996" ind1=" " ind2=" ">
   <subfield code="1">PKMU</subfield>
   <subfield code="3">F175706</subfield>
   <subfield code="5">3142081174</subfield>
   <subfield code="8">20030807</subfield>
   <subfield code="9">336.7HOR</subfield>
   <subfield code="f">83</subfield>
   <subfield code="l">UEP01</subfield>
   <subfield code="m">BOOK</subfield>
   <subfield code="p">MI</subfield>
   <subfield code="q">KMÚ</subfield>
   <subfield code="t">na dislokovaném</subfield>
   <subfield code="u">UEP01</subfield>
   <subfield code="v">Ztráta</subfield>
   <subfield code="w">20030918</subfield>
  </datafield>
 </record>
</collection>
